Ekonomické nástroje na zníženie emisií oxidu uhličitého

Problematika klimatických zmien, otepľovania a znižovania emisií skleníkových plynov. Daň z emisií oxidu uhličitého. Obchodovanie s emisiami oxidu uhličitého.

Na minha lista:
Detalhes bibliográficos
Autor principal: Reiff, Marian, 1978-
Formato: Capítulo de Livro
Idioma:eslovaco
Assuntos:
Tags: Adicionar Tag
Sem tags, seja o primeiro a adicionar uma tag!

MARC

LEADER 00000nla a2200000 4500
001 0236071
005 20240502073822.9
041 0 |a slo 
044 |a SK 
245 1 0 |a Ekonomické nástroje na zníženie emisií oxidu uhličitého  |c Marian Reiff 
520 |a Problematika klimatických zmien, otepľovania a znižovania emisií skleníkových plynov. Daň z emisií oxidu uhličitého. Obchodovanie s emisiami oxidu uhličitého. 
610 2 0 |a dane 
610 2 0 |a dane ekologické 
610 2 0 |a emisie 
610 2 0 |a obchod 
610 2 0 |a zmeny klimatické 
610 2 0 |a svet 
100 1 |a Reiff, Marian, 1978-